Movies Quiz

Random Movies or Bands Quiz

Famous Rockumentaries Quiz Stats

 Plays Quiz Updated Jul 16, 2019

Score 0/24 Timer 06:00
1 Play Today
Title Subject % Correct
Let it BeThe Beatles
94.7%
Gimme ShelterThe Rolling Stones
85.3%
The Kids Are AlrightThe Who
61.3%
The Song Remains the SameLed Zeppelin
58.6%
Rattle and HumU2
52.3%
Runnin' Down a DreamTom Petty and the Heartbreakers
51.9%
Some Kind of MonsterMetallica
41.2%
Truth or DareMadonna
40.4%
Dont Look BackBob Dylan
39.9%
The Last WaltzThe Band
37%
Stop Making SenseTalking Heads
29.3%
Sign 'O' the TimesPrince
28.2%
Title Subject % Correct
Live! Tonight! Sold Out!!Nirvana
23.8%
Bullet in a BibleGreen Day
23.3%
Year Of The HorseNeil Young
22.2%
Funky MonksRed Hot Chili Peppers
18.8%
The Filth and the FuryThe Sex Pistols
18.4%
Lord Don't Slow Me DownOasis
15.9%
Cracked ActorDavid Bowie
13.5%
Meeting People Is EasyRadiohead
12.9%
I Am Trying to Break Your HeartWilco
12.9%
Single Video TheoryPearl Jam
11.4%
Bring on the NightSting
8.5%
Gigantic (A Tale of Two Johns)They Might Be Giants
6.6%

You're not logged in!

Compare scores with friends on all Sporcle quizzes.
OR
Log In

Sporcle TV

Today on Sporcle TV


Watch our educational content, quiz creation guides, and fun videos on Sporcle TV.

Show Comments

Extras

Top Quizzes Today


Score Distribution

Your Account Isn't Verified!

In order to create a playlist on Sporcle, you need to verify the email address you used during registration. Go to your Sporcle Settings to finish the process.

Report this User

Report this user for behavior that violates our Community Guidelines.

Details: